Aktuálny vývoj na komoditných trhoch a jeho konzekvencie pre medzinárodný obchod bakalárska práca

Enregistré dans:
Détails bibliographiques
Auteur principal: Szulényi, Dániel
Collectivité auteur: Obchodná fakulta EU. Katedra medzinárodného obchodu
Autres auteurs: Žatko, Matúš, 1991-
Format: Livre
Langue:slovaque
Publié: Bratislava 2023
Tags: Ajouter un tag
Pas de tags, Soyez le premier à ajouter un tag!

MARC

LEADER 00000nbm a2200000 4500
001 0294764
005 20240207092759.2
041 0 |a slo 
044 |a SK 
245 1 0 |a Aktuálny vývoj na komoditných trhoch a jeho konzekvencie pre medzinárodný obchod  |b bakalárska práca  |c Dániel Szulényi ; školiteľ: Matúš Žatko 
264 1 |a Bratislava  |c 2023 
300 |a 66 s. 
100 1 |a Szulényi, Dániel 
700 1 |a Žatko, Matúš, 1991- 
710 2 |a Obchodná fakulta EU. Katedra medzinárodného obchodu